[Event "Helsingor Xtracon op"]
[Site "Helsingor"]
[Date "2019.07.20"]
[Round "1"]
[White "Bach, Matthias"]
[Black "Skjolingstad, Sverre"]
[Result "1-0"]
[WhiteElo "2241"]
[BlackElo "1754"]
[PlyCount "47"]
[EventDate "2019.07.20"]
[EventType "swiss"]
[EventRounds "10"]
[EventCountry "DEN"]
[SourceTitle "CBM 191 Extra"]
[Source "ChessBase"]
[SourceDate "2019.09.30"]
[SourceVersion "1"]
[SourceVersionDate "2019.09.30"]
[SourceQuality "1"]

1. b4 e5 2. Bb2 Bxb4 3. Bxe5 Nf6 4. Nf3 Nc6 5. Bb2 0-0 6. e3 d5 7. Be2 Re8 8. 0-0 Bf5 9. d3 Qd6 10. Nbd2 Ng4 11. h3 Nge5 12. a3 Ba5 13. a4 Re6 14. Nxe5 Nxe5 15. Nb3 Bb6 16. a5 Bxh3 17. Bxe5 Qxe5 18. axb6 Rg6 19. Bf3 Qf5 20. Rxa7 Re8 21. e4 Qc8 22. Qe2 f5 23. e5 f4 24. Rfa1 1-0

[Event "Kragero op"]
[Site "Kragero"]
[Date "2018.02.24"]
[Round "6"]
[White "Skjolingstad, Sverre"]
[Black "Tryggestad, Andreas Garberg"]
[Result "0-1"]
[WhiteElo "1749"]
[BlackElo "2241"]
[PlyCount "84"]
[EventDate "2018.02.21"]
[EventType "swiss"]
[EventRounds "9"]
[EventCountry "NOR"]
[SourceTitle "CBM 183 Extra"]
[Source "ChessBase"]
[SourceDate "2018.04.19"]
[SourceVersion "1"]
[SourceVersionDate "2018.04.19"]
[SourceQuality "1"]

1. e4 c5 2. Nf3 e6 3. d4 cxd4 4. Nxd4 a6 5. c4 Nf6 6. Nc3 Bb4 7. Bd3 Nc6 8. Be3 Qa5 9. Qc2 Ng4 10. Nxc6 Bxc3+ 11. bxc3 dxc6 12. Bf4 e5 13. Bg3 Be6 14. 0-0 0-0 15. h3 Nf6 16. Kh1 Nd7 17. Rab1 Rfd8 18. f4 exf4 19. Bxf4 Nc5 20. Be2 b5 21. Be3 bxc4 22. Bxc5 Qxc5 23. Rb7 Rab8 24. Rfb1 Rxb7 25. Rxb7 h6 26. Qb2 Qe3 27. Rb8 Rxb8 28. Qxb8+ Kh7 29. Qb2 g6 30. Bf3 Bxh3 31. Qe2 Qxe2 32. Bxe2 Be6 33. Kg1 Kg7 34. Kf2 Kf6 35. Ke3 Ke5 36. g4 c5 37. Bf3 f6 38. a3 Bd7 39. Be2 a5 40. Bd1 Bc8 41. Be2 Bb7 42. Bf3 Bc6 0-1

[Event "Helsingor Xtracon op"]
[Site "Helsingor"]
[Date "2017.07.29"]
[Round "9"]
[White "Skjolingstad, Sverre"]
[Black "Easan, Adesh"]
[Result "1/2-1/2"]
[WhiteElo "1644"]
[BlackElo "1941"]
[PlyCount "86"]
[EventDate "2017.07.22"]
[EventType "swiss"]
[EventRounds "10"]
[EventCountry "DEN"]
[SourceTitle "CBM 179 Extra"]
[Source "ChessBase"]
[SourceDate "2017.08.23"]
[SourceVersion "1"]
[SourceVersionDate "2017.08.23"]
[SourceQuality "1"]

1. e4 d6 2. d4 Nf6 3. Nc3 g6 4. Be3 Bg7 5. f4 a6 6. Bd3 0-0 7. Nf3 b5 8. e5 Ng4 9. Bd2 f5 10. h3 Nh6 11. Qe2 c5 12. dxc5 dxc5 13. Qf2 c4 14. Be2 Be6 15. Ng5 Bd7 16. Bf3 Bc6 17. Ne6 Qd7 18. Nxf8 Bxf8 19. 0-0-0 e6 20. Be3 Qb7 21. Bc5 Bxc5 22. Qxc5 Nf7 23. Bxc6 Nxc6 24. Rd2 Rc8 25. Qe3 b4 26. Na4 c3 27. Rd3 cxb2+ 28. Nxb2 Nd4 29. Rd2 Nxc2 30. Rxc2 Rxc2+ 31. Kxc2 Qxg2+ 32. Qd2 Qc6+ 33. Nc4 Qxh1 34. Qxb4 Qe4+ 35. Kb3 Qxf4 36. Qb8+ Kg7 37. Qc7 Qf3+ 38. Kb4 Qe4 39. Kb3 Qd3+ 40. Kb4 Qe4 41. Kb3 Qd3+ 42. Kb4 Qb1+ 43. Ka3 Qd3+ 1/2-1/2

[Event "Helsingor Xtracon op"]
[Site "Helsingor"]
[Date "2017.07.26"]
[Round "6"]
[White "Skjolingstad, Sverre"]
[Black "Holinka, Henning"]
[Result "0-1"]
[WhiteElo "1644"]
[BlackElo "2087"]
[PlyCount "74"]
[EventDate "2017.07.22"]
[EventType "swiss"]
[EventRounds "10"]
[EventCountry "DEN"]
[SourceTitle "CBM 179 Extra"]
[Source "ChessBase"]
[SourceDate "2017.08.23"]
[SourceVersion "1"]
[SourceVersionDate "2017.08.23"]
[SourceQuality "1"]

1. e4 g6 2. d4 Bg7 3. f4 d6 4. Nf3 c5 5. d5 Nf6 6. Nc3 0-0 7. Bc4 b5 8. Bxb5 Nxe4 9. Nxe4 Qa5+ 10. Nc3 Bxc3+ 11. bxc3 Qxb5 12. Qd3 Ba6 13. Kf2 Qxd3 14. cxd3 Bxd3 15. Rd1 Bc4 16. Ne1 Nd7 17. Nc2 Nb6 18. Ne3 Ba6 19. f5 Rfb8 20. Ng4 Na4 21. Bd2 Rb2 22. Ke1 Nxc3 23. Bxc3 Re2+ 24. Kf1 Rc2+ 25. Kg1 Rxc3 26. f6 h5 27. Nf2 exf6 28. Ne4 Re3 29. Re1 Rxe1+ 30. Rxe1 Rd8 31. Nxf6+ Kg7 32. Re8 Rxe8 33. Nxe8+ Kf8 34. Nxd6 f5 35. a4 Ke7 36. Nb5 Bxb5 37. axb5 Kd6 0-1

[Event "Helsingor Xtracon op"]
[Site "Helsingor"]
[Date "2016.07.25"]
[Round "4"]
[White "Skjolingstad, Sverre"]
[Black "Cithu, Arjun Vijay"]
[Result "1-0"]
[WhiteElo "1509"]
[BlackElo "1330"]
[PlyCount "73"]
[EventDate "2016.07.23"]
[EventType "swiss"]
[EventRounds "10"]
[EventCountry "DEN"]
[SourceTitle "CBM 173 Extra"]
[Source "ChessBase"]
[SourceDate "2016.08.29"]
[SourceVersion "1"]
[SourceVersionDate "2016.08.29"]
[SourceQuality "1"]

1. e4 e6 2. d4 d5 3. Nd2 Nf6 4. e5 Nfd7 5. Bd3 c5 6. c3 Nc6 7. Ngf3 cxd4 8. cxd4 Qb6 9. 0-0 Nxd4 10. Nxd4 Qxd4 11. Nf3 Qb6 12. Qa4 Be7 13. Qg4 Bf8 14. b3 Qb4 15. Qg3 Qc3 16. Qg5 Qxd3 17. Bb2 Qg6 18. Qf4 Nc5 19. Rac1 Nd3 20. Qa4+ Bd7 21. Qa5 Bb4 22. Qc7 Bc6 23. Rxc6 Nf4 24. g3 Qg4 25. Nh4 Ne2+ 26. Kg2 0-0 27. Qxb7 Rab8 28. Qc7 Nf4+ 29. Kg1 Nh3+ 30. Kg2 Rbc8 31. Qxc8 Rxc8 32. Rxc8+ Bf8 33. Ba3 Nf4+ 34. Kh1 g5 35. Bxf8 h5 36. gxf4 gxf4 37. Rg1 1-0

[Event "Politiken Cup 37th"]
[Site "Helsingor"]
[Date "2015.07.28"]
[Round "5"]
[White "Nielsen, Palle"]
[Black "Skjolingstad, Sverre"]
[Result "0-1"]
[WhiteElo "1751"]
[BlackElo "1519"]
[PlyCount "146"]
[EventDate "2015.07.25"]
[EventType "swiss"]
[EventRounds "10"]
[EventCountry "DEN"]
[SourceTitle "CBM 167 Extra"]
[Source "ChessBase"]
[SourceDate "2015.09.14"]
[SourceVersion "1"]
[SourceVersionDate "2015.09.14"]
[SourceQuality "1"]

1. e4 c5 2. c4 d6 3. Nc3 Nf6 4. Nf3 e6 5. d3 Be7 6. Be2 Nc6 7. 0-0 a6 8. h3 Rb8 9. b3 0-0 10. Bb2 b5 11. Qd2 bxc4 12. dxc4 Bb7 13. Bd3 Qc7 14. Rad1 Rfd8 15. Bb1 Rd7 16. Qe3 Nb4 17. a3 Nc6 18. Ne2 Rbd8 19. Ng3 d5 20. e5 d4 21. Qf4 h6 22. Bc1 Nh7 23. Bxh7+ Kxh7 24. Qxf7 Nxe5 25. Nxe5 Qxe5 26. Rfe1 Qf6 27. Qxe6 Qxe6 28. Rxe6 Bf6 29. Rd3 Rd6 30. Rxd6 Rxd6 31. a4 Re6 32. Kf1 Re5 33. Bf4 Re6 34. Bc1 Re5 35. Bd2 g5 36. f4 gxf4 37. Bxf4 Re6 38. Nh5 Bh4 39. Bg3 Be4 40. Rd2 Bxg3 41. Nxg3 Rf6+ 42. Kg1 Bg6 43. Ne2 Rb6 44. Nc1 Kg7 45. Nd3 Bxd3 46. Rxd3 Kf7 47. Kf2 Kf6 48. Ke2 Re6+ 49. Kd2 Ke7 50. a5 Rg6 51. g3 Rf6 52. Ke2 Re6+ 53. Kd2 Rf6 54. Ke1 Kd6 55. g4 Ke5 56. Ke2 Ke4 57. Rg3 Rg6 58. Rf3 Re6 59. Rf5 Rc6 60. Kd2 Rc7 61. Rf6 Rb7 62. Rb6 Rf7 63. Rxa6 Rf2+ 64. Ke1 Rf3 65. Re6+ Kd3 66. Rxh6 Kc2 67. a6 d3 68. Rd6 Rxh3 69. a7 Rh8 70. g5 Ra8 71. Rd7 Rxa7 72. Rxa7 d2+ 73. Kf2 d1Q 0-1

[Event "Politiken Cup 37th"]
[Site "Helsingor"]
[Date "2015.07.26"]
[Round "2"]
[White "Skjolingstad, Sverre"]
[Black "Fossan, Andreas"]
[Result "0-1"]
[WhiteElo "1519"]
[BlackElo "1840"]
[PlyCount "62"]
[EventDate "2015.07.25"]
[EventType "swiss"]
[EventRounds "10"]
[EventCountry "DEN"]
[SourceTitle "CBM 167 Extra"]
[Source "ChessBase"]
[SourceDate "2015.09.14"]
[SourceVersion "1"]
[SourceVersionDate "2015.09.14"]
[SourceQuality "1"]

1. e4 c6 2. d4 d5 3. Nc3 dxe4 4. Nxe4 Bf5 5. Ng3 Bg6 6. Nf3 Nd7 7. h4 h6 8. Bd3 Bxd3 9. Qxd3 e6 10. Bd2 Ngf6 11. 0-0-0 Be7 12. Ne4 Nxe4 13. Qxe4 Nf6 14. Qe2 Qd5 15. b3 b5 16. Bf4 Ne4 17. Rd3 b4 18. Bd2 a5 19. Re1 Nc3 20. Bxc3 bxc3 21. Qe5 0-0 22. Qxd5 cxd5 23. Ne5 Bxh4 24. g3 Be7 25. Nd7 Rfd8 26. Nb6 Ra6 27. Na4 Bb4 28. Ree3 Rc6 29. Nxc3 Rdc8 30. Kb2 e5 31. a3 exd4 0-1

[Event "Fagernes Norsk op-B"]
[Site "Fagernes"]
[Date "2015.03.29"]
[Round "3"]
[White "Sateren, Erlend"]
[Black "Skjolingstad, Sverre"]
[Result "0-1"]
[WhiteElo "1428"]
[BlackElo "1513"]
[PlyCount "74"]
[EventDate "2015.03.29"]
[EventType "swiss"]
[EventRounds "9"]
[EventCountry "NOR"]
[SourceTitle "EXT 2016"]
[Source "ChessBase"]
[SourceDate "2015.10.08"]
[SourceVersion "1"]
[SourceVersionDate "2015.10.08"]
[SourceQuality "1"]

1. e4 c5 2. Nf3 d6 3. d4 cxd4 4. Nxd4 Nf6 5. Nc3 e6 6. Be3 Be7 7. Be2 a6 8. 0-0 b5 9. f4 0-0 10. Bf3 e5 11. Nf5 Nc6 12. Qe1 Bxf5 13. exf5 Nb4 14. Qf2 Rc8 15. a3 Nc6 16. Rad1 Qc7 17. Nd5 Nxd5 18. Bxd5 Na5 19. Rd2 Nc4 20. Bxc4 Qxc4 21. g4 Rc6 22. g5 f6 23. h4 Rcc8 24. Qg3 Qf7 25. Qg4 Rc4 26. g6 Qe8 27. gxh7+ Kxh7 28. h5 Rh8 29. Qh3 Kg8 30. Rh2 Bf8 31. Rff2 Kf7 32. Qg3 Ke7 33. fxe5 dxe5 34. b3 Rc3 35. b4 Rc4 36. Rhg2 Qxh5 37. Kf1 Qd1# 0-1

[Event "Fagernes Norsk op-B"]
[Site "Fagernes"]
[Date "2015.03.29"]
[Round "8"]
[White "Yilmaz, Kazim"]
[Black "Skjolingstad, Sverre"]
[Result "1/2-1/2"]
[WhiteElo "1620"]
[BlackElo "1513"]
[PlyCount "51"]
[EventDate "2015.03.29"]
[EventType "swiss"]
[EventRounds "9"]
[EventCountry "NOR"]
[SourceTitle "EXT 2016"]
[Source "ChessBase"]
[SourceDate "2015.10.08"]
[SourceVersion "1"]
[SourceVersionDate "2015.10.08"]
[SourceQuality "1"]

1. e4 c5 2. Nf3 d6 3. Bb5+ Bd7 4. Bxd7+ Nxd7 5. Nc3 Ngf6 6. 0-0 e6 7. d4 cxd4 8. Nxd4 Be7 9. Ndb5 Ne5 10. Bg5 0-0 11. Bxf6 gxf6 12. a4 a6 13. Nd4 Kh8 14. a5 Rg8 15. Kh1 Qf8 16. Qe2 Qh6 17. f3 Rg7 18. g4 Rag8 19. Nd1 Rg6 20. Ne3 Qf4 21. Ng2 Qh6 22. Ne3 Qf4 23. Ng2 Qh6 24. Ne3 Qf4 25. Ng2 Qh6 26. Ne3 1/2-1/2